000 00609nam a2200241Ia 4500
003 OSt
005 20221006144644.0
006 a|||||r|||| 00| 0
007 ta
008 221006b |||||||| |||| 00| 0 eng d
020 _cP18.90
024 _a12,276
037 _cTextual
040 _aEASL
_cEASL
_beng
041 _2eng
_aeng
082 _aV41.C9, M0
100 _aCHANG Kwang -Chih
245 0 _aShang civilization
260 _aNew Havan
_b Yale University
_c1980
300 _a417p.
_ccm.
942 _hV41.C9, M0
_cTEXL
_2CC
999 _c1080362
_d1080362